000 00598nam a2200169 a 4500
001 000044285
005 20201002045252.0
008 140612s2009 dr a 000 0 spa d
040 _aDO-SdBNP
_bspa
_cBNPHU
082 _axxxxxx
_bxxxxxx
100 1 _aRamírez Ferreira, Rafael R.,
_d1950-
_934435
245 1 0 _aEn esto creo /
_cRafael R. Ramírez Ferreira ; edición Sócrates Suazo Ruiz.
260 _aSanto Domingo :
_bEditaLibros,
_c2009.
300 _a196 p. :
_bil. ;
_c22 cm.
500 _aIncluye datos biográficos del autor en la contracubierta
700 1 _aSuazo Ruiz, Sócrates,
_eed.
_910239
999 _c43774
_d43774